000
00292nam a2200133Ia 4500
100
_a
Chapman/C.B
942
_c
RB
654
_a
management
245
_a
Management for engineers
260
_b
John wiley
_a
Chichester
_c
1987
082
_a
658.002462
_b
CHA
300
_a
654
546
_a
ENGLISH
999
_c
22965
_d
22965